LEADER 00702nas a2200157 i 4500 001 000000022855 003 CaOOAMICUS 005 20180830125445.0 008 180830n it u0 ita u 040 $aSeMil$bita 245 10$aMonumenta Ignatiana :$bex autographis vel ex antiquioribus exemplis collecta. Series tertia. 260 $aRoma :$b[s.n.],$c[193?] 300 $av. ;$c24 cm. 774 0 $aIgnacio : de Loyola $tConstitutiones Societatis Jesus.$dRoma : [s.n.], 1934-1938.$w()22856 996 $6245$aMonumenta Ignatiana :$bex autographis vel ex antiquioribus exemplis collecta. Series tertia$9(OLS)http://semarc/title/30623 996 $6260$aRoma :$b[s.n.]$9(OLS)http://semarc/publisher/29738 LEADER 01073nam a2200229 i 4500 001 000000073145 003 CaOOAMICUS 005 20090519000000.0 008 090519s1929 fr u000 u fre u 013 $a44317 040 $aSeMil$bita 100 1 $aBonnefoy, Jean-François,$c.$0(OLS)http://semarc/name/22153 245 13$aLe Saint-esprit et ses dons selon Saint Bonaventure /$cpar J.-Fr. Bonnefoy. 260 $aParis :$bLibrairie Philosophique J. Vrin,$c1929. 300 $a237 p. ;$c25 cm. 490 0 $aÉtudes de philosophie médiévale ;$v10. 650 4$aBonaventura : da Bagnorea - Concezione della Trinità.$0(OLS)http://semarc/subject/14834 830 0$aÉtudes de philosophie médiévale ;$v10.$0(OLS)http://semarc/title/8154 850 $aSeMil 852 $aSeMil$W1$xVenegono$y1$m2Q IV 60$j39298$B39298$CSeMilBibl$Z2$F39301 $81 996 $6245$aLe Saint-esprit et ses dons selon Saint Bonaventure$9(OLS)http://semarc/title/118079 996 $6260$aParis :$bLibrairie Philosophique J. Vrin$9(OLS)http://semarc/publisher/30022